000 01482nam a2200409 a 4500
001 vtls001988672
003 NLI
005 20210630141045.0
008 180402s2014 ii g f 000 e urd d
020 _a9788189964986
_cRs. 175.00
039 9 _y201804021322
_zwasima
040 _aNLI
_burd
_cUrdu Division
_eAACR2
041 0 _aurd
044 _aii
082 0 4 _a891.439
_222
100 0 _6880-01
_aاوصاف احمد
_c, ڈاکٹر
245 1 _6880-02
_aتبصرے اور تنقیدیں
_c/ڈاکٹر اوصاف احمد
260 _aNew Delhi:
_bInstitute of Objective Studies,
_c2014.
300 _a240p.
_c22 cm.
650 0 _aUrdu literature
_xcollection
_x20th century
_yHistory and criticism
_9828244
650 0 _aUrdu essays
_xcollection
_xBiography
_y19th century
_xHistory and criticism
_91328543
650 0 _aIslamic literature,urdu
_xIslam
_yInterpretation and criticism
_91331447
700 0 _6880-03(B
700 0 _6880-04(B
880 0 _6100-01/(B
_aAusaf Ahmad
_c,Dr.
880 1 _6245-02(B
_aTabsare aur tanqeeden
_c/Dr. Ausaf Ahmad
880 0 _6700-03(B
880 0 _6700-04(B
887 _awasim
901 _a31285
_b26.02.2014
902 _aU 891.4394 A 918 ta
904 _awasim
949 _AVIRTUAITEM
_D10022
_X100
_6DBA000031285URD
_e31285.
942 _2ddc
_cBKS
999 _aVIRTUA40
_c1410165
_d1410165
999 _aVTLSSORT0080*0200*0400*0410*0440*0820*1000*2450*2600*3000*6500*6501*6502*7000*7001*8520*8800*8801*8802*8803*9010*9020*9040*9992